000
00321nas a2200145 a 4500
001
71873
003
145979
005
20201118110953.0
008
||||||n9999 ||| || ||
245
0
_a
Sintesis Economica - No.225
260
_c
1980.
562
_e
0
773
_0
16191
_a
Sintesis Economica
942
_c
SISS
999
_c
71873
_d
71873